Most Popular Baby Names by First Letter - Statistics

General Stats
  • This quiz has been taken 70 times
  • The average score is 22 of 51
Answer Stats
First Letter Ranking Answer % Correct
O 1 Olivia
78%
O 3 Oliver
72%
W 6 William
72%
E 2 Emma
70%
J 4 James
70%
D 14 Daniel
67%
H 7 Henry
67%
A 17 Alexander
64%
B 9 Benjamin
64%
C 3 Charlotte
61%
Q 445 Quinn
61%
Q 73 Quinn
61%
I 41 Isaac
59%
L 1 Liam
59%
A 4 Amelia
58%
N 2 Noah
58%
X 100 Xavier
56%
Z 38 Zoe
56%
I 6 Isabella
55%
V 20 Violet
50%
W 37 Willow
50%
E 5 Elijah
47%
N 28 Nora
45%
H 11 Harper
44%
M 8 Mia
44%
V 123 Vincent
44%
S 5 Sophia
42%
T 10 Theodore
42%
T 217 Taylor
41%
L 10 Luna
39%
G 22 Gianna
38%
F 176 Finn
36%
P 21 Penelope
34%
R 39 Riley
34%
G 36 Gabriel
33%
S 13 Sebastian
33%
C 47 Carter
30%
F 129 Freya
30%
M 11 Mateo
30%
P 94 Parker
28%
D 58 Delilah
27%
K 59 Kai
25%
B 72 Brooklyn
22%
J 70 Josephine
22%
X 144 Ximena
19%
R 68 Roman
17%
Z 144 Zion
16%
K 61 Kinsley
14%
U 486 Uriel
13%
Y 491 Yaretzi
6%
Y 569 Yusuf
6%
No matching quizzes found
Score Distribution
Percent of People with Each Score
Percentile by Number Answered
Your Score History
You have not taken this quiz